000 00674nam a2200193 i 4500
001 189877
003 ES-MaACL
005 20251001181039.0
007 t|
008 191216s19131914xxkb |||| | eng d
245 0 4 _aThe political history of England
_b: in twelve volumes /
_cedited by William Hunt and Reginald L. Poole.
260 _aLondon :
_bLongmans, Green, and Co.,
_c1913-1914.
300 _a12 v. con mapas col. pleg. ;
_c23 cm.
651 4 _aGran BretaƱa-
_xHistoria.
_98752
700 1 _aHunt, William,
_d1842-1931
_9169121
700 1 _aPoole, Reginald Lane (
_d1857-1939)
_9169122
852 _aES-MaACL
_jB-103-14
_z- Enc. cart.
999 _c189877
_d189877